Nicaragua: ¿un modelo sostenible? /

Salvato in:
Dettagli Bibliografici
Autore principale: Barahona, Elías
Natura: testo
Soggetti:
Tags: Aggiungi Tag
Nessun Tag, puoi essere il primo ad aggiungerne!!

MARC

LEADER 00000 a a2200000 04500
001 10468
003
040
100 |a Barahona, Elías  
245 |a Nicaragua:   |b ¿un modelo sostenible? /  |c Elías Barahona 
650 |a MODELOS  
650 |a POLITICA  
650 |a PARTIDOS POLITICOS  
650 |a ANALISIS HISTORICO  
650 |a ESTADO  
650 |a PODER EJECUTIVO  
650 |a DEMOCRACIA  
650 |a SOCIEDAD CIVIL  
773 |g número 129; páginas 13-18  
999 |c 24424  |d 24424